| 000 | 00898cam a2200325 a 4500 | ||
|---|---|---|---|
| 001 | 1529960 | ||
| 003 | OSt | ||
| 005 | 20140310181750.0 | ||
| 008 | 950608s1993 ph b 000 0 eng | ||
| 010 | _a 94943850 | ||
| 020 | _a9711181363 | ||
| 035 | _a(OCoLC)ocm32426971 | ||
| 035 | _a(NNC)1529960 | ||
| 040 |
_aDLC _cDLC |
||
| 042 | _alcode | ||
| 043 | _aa-ph--- | ||
| 050 | 0 | 0 |
_aHQ 679 _b.G573 1993 |
| 082 | 0 | 0 |
_aFIL 306.8509599 _bG53 1993 |
| 100 | 1 | _aGo, Stella P. | |
| 245 | 1 | 4 |
_aThe Filipino family in the eighties / _cStella P. Go. |
| 260 |
_aManila : _bSocial Development Research Center, De La Salle University, _cc1993. |
||
| 300 |
_a95 p. ; _c23 cm. |
||
| 504 | _aIncludes bibliographical references (p. 69-95). | ||
| 521 | _abasic ed. students | ||
| 541 | _j1 | ||
| 562 | _e1 | ||
| 650 | 0 |
_aFamilies _zPhilippines. |
|
| 942 |
_2lcc _cBK-FIL _kFIL |
||
| 999 |
_c3156 _d3156 |
||